| 000 | 00754pam a2200229 a 4500 | ||
|---|---|---|---|
| 020 | _a0070683050 (acidfree paper) | ||
| 020 | _a0073038482 (computer disk) | ||
| 020 | _a0075618141 (text with EES problems disk) | ||
| 020 | _a007561815X (text with EES demo disk) | ||
| 040 | _cDLC | ||
| 082 | 0 | 0 | _a536 WCB 1999 A035 Or. |
| 100 | 1 | _aWark, Kenneth, | |
| 245 | 1 | 0 | _aThermodynamics / |
| 250 | _a6th ed. | ||
| 260 |
_aBoston : _bWCB McGraw-Hill, _cc1999. |
||
| 300 |
_axix, 1164 p. : _bill. ; _c24 cm. + _e1 computer disk (3 1/2 in.) |
||
| 650 | 0 | _aThermodynamics. | |
| 700 | 1 | _aRichards, Donald E. | |
| 856 | 4 | 2 | _uhttp://www.loc.gov/catdir/description/mh024/98010720.html |
| 856 | 4 | 1 | _uhttp://www.loc.gov/catdir/toc/mh023/98010720.html |
| 942 | _cEK | ||
| 999 |
_c12662 _d12662 |
||